000 00671nam a2200301Ia 4500
005 20260401122417.0
008 008 250103s9999 xx 000 0 eng d
020 _a9780140175295
037 _aTB
040 _aEDL
040 _beng
040 _cEDL
041 _2eng
041 _aeng
084 _a401 PIN
084 _qEDL
100 _aPinker, Steven
_91232641
245 0 _aLanguage Instinct: New Science of language and mind
245 0 _cPinker, Steven
260 _aLondon
260 _bPenguin Books
260 _c1994
300 _a493p
942 _cTB
942 _h401 PIN
999 _c1847089
_d1847089